000 01050nam a22003137a 4500
003 CHAP
005 20220329141523.0
008 971013s1981 r 00010 d
010 _a69484
011 _a70456
035 _a79937
040 _cCHAP
082 _a636.0891
_bP84
100 0 0 _aPuente, José de la.
_992911
245 _aExterior y manejo de los animales domésticos
260 _aMéxico :
_bUNAM. Facultad de Veterinaria y Zootecnia,
_c1981
300 _a217 p.
_b: ilus.
500 _a34-139
500 _aFotocopia
590 _aBATCH-UPD
_b10
_c20130110
_lUCH01
_h0654
590 _aBATCH-UPD
_b10
_c20130410
_lUCH01
_h0339
590 _aBATCH-UPD
_b10
_c20130914
_lUCH01
_h0338
590 _aCONVERSION
_b10
_c20130109
_lUCH01
_h1338
650 1 4 _aAnimales domésticos
_xAnatomía y fisiología.
_95892
710 0 _aUniversidad Nacional Autónoma de México. Facultad de Medicina Veterinaria y Zootecnia.
_9116531
901 _aBK
942 _cLIBRO
949 _a636.0891 P84
_bBC
_cLIBRO
_d33724002063124
_eLIBRO
_h76088
_i79937
_si
999 _c69484
_d69484